000
00326nam a22001337a 4500
008
170418b xxu||||| |||| 00| 0 eng d
020
_a
1555810454
041
_a
eng
080
_a
579
100
_a
11
101
_a
shm
245
_a
diseasein medical microbiology infectious diseases
_c
GILLINGAN.P.H
942
_2
udc
_c
BK
999
_c
11004
_d
11004